| 000 | 00690nam a22001937a 4500 | ||
|---|---|---|---|
| 005 | 20251108175104.0 | ||
| 008 | 250721s2012 xx 000 0 ara d | ||
| 082 | 1 | 4 | _a346.05/قنط |
| 100 | 1 | _aفنطاري، خير الدين | |
| 245 | 1 | 0 | _aدراسات قانونية في الملكية العقارية : عقود التبرع الواردة على الملكية العقارية : الوقف / |
| 264 | 1 |
_aعمان : _bدار زهران للنشر والتوزيع، _c2012. |
|
| 300 | _aج.1. | ||
| 650 | 1 | 7 | _aالوقف |
| 650 | 1 | 7 | _aالممتلكات العقارية |
| 650 | 1 | 7 | _aالممتلكات |
| 650 | 1 | 7 | _aالقانون |
| 942 |
_2ddc _cBK |
||
| 999 |
_c125908 _d125908 |
||